| 000 | 01164nam0a2200313 4500 | ||
|---|---|---|---|
| 001 | RU\NLR\ONL2\2311 | ||
| 005 | 20250613124549.0 | ||
| 010 |
_a5-298-01313-9 _93000 |
||
| 035 | _a(NLR Aleph) 009649914 | ||
| 090 |
_a9571864 _c9571864 |
||
| 100 | _a20040617d2003 |||y0rusy50 ca | ||
| 101 | 0 | _atat | |
| 102 | _aRU | ||
| 105 | _aa ||||||||| | ||
| 200 | 1 |
_aКанга буялган алтыннар _eРоман hэм повестьлар _fРэдиф Сэгъди |
|
| 210 |
_aКазан _cТатар. кит. нэшр. _d2003 |
||
| 215 |
_a188,[2] б. _cил., портр. _d21 |
||
| 300 | _aВ вып. дан. авт.: Радиф Сагди (Сагдиев Радиф Назипович) | ||
| 541 | 1 |
_6z01790 _aОкровавленное золото _eРоман и повести. _zrus |
|
| 686 | 1 | _aШ6(2=Тат)7-4 | |
| 700 | 1 |
_aСэгъди _bР. _gРэдиф _4070 |
|
| 790 | 1 |
_4070 _7ca _8rus _aСагди _bР. _f1957- _gРадиф _9264618 _3RU\NLR\AUTH\770264674 |
|
| 801 | 0 |
_aRU _bNLR _c20040617 _gPSBO |
|
| 852 |
_aNLR _bОНЛ _jТатар./3-12976 |
||
| 942 | _cBOOK | ||
| 980 | _aNB | ||
| 980 | _aONL_RF | ||